MARC details
| 000 -LEADER |
| fixed length control field |
01911nam a2200493 a 4500 |
| 001 - CONTROL NUMBER |
| control field |
85785 |
| 003 - CONTROL NUMBER IDENTIFIER |
| rucl marc code |
BD-RjUL |
| 005 - DATE AND TIME OF LATEST TRANSACTION |
| control field |
20251006114101.0 |
| 008 - FIXED-LENGTH DATA ELEMENTS--GENERAL INFORMATION |
| fixed length control field |
251006s1954 fr ar i0 0eng |
| 035 ## - SYSTEM CONTROL NUMBER |
| System control number |
(BD-RjUL)85785 |
| 040 ## - CATALOGING SOURCE |
| Original cataloging agency |
DLC |
| Language of cataloging |
eng |
| Transcribing agency |
MUL |
| Modifying agency |
COO |
| -- |
OCL |
| -- |
RCS |
| -- |
DLC |
| -- |
BD-RjUL |
| 041 0# - LANGUAGE CODE |
| Language code of text/sound track or separate title |
eng |
| -- |
fre |
| -- |
spa |
| 082 ## - DEWEY DECIMAL CLASSIFICATION NUMBER |
| Edition number |
23 |
| Classification number |
346.0482 |
| Author mark and year |
COP 1954 |
| 130 0# - MAIN ENTRY--UNIFORM TITLE |
| Uniform title |
Copyright bulletin (Paris, France : 1948) |
| 9 (RLIN) |
17048 |
| 245 10 - TITLE STATEMENT |
| Title |
Copyright bulletin = |
| Remainder of title |
Bulletin du droit d'auteur / |
| Statement of responsibility, etc. |
UNESCO |
| 246 31 - VARYING FORM OF TITLE |
| Title proper/short title |
Bulletin du droit d'auteur |
| 260 ## - PUBLICATION, DISTRIBUTION, ETC. (IMPRINT) |
| Place of publication, distribution, etc. |
Paris : |
| Name of publisher, distributor, etc. |
UNESCO, |
| Date of publication, distribution, etc. |
1954. |
| 300 ## - PHYSICAL DESCRIPTION |
| Pagination |
volumes : |
| Illustrations |
illustrations, maps ; |
| Size |
25 cm |
| 321 ## - FORMER PUBLICATION FREQUENCY |
| Former publication frequency |
Quarterly, |
| Dates of former publication frequency |
1948-1952 |
|
| Former publication frequency |
Semiannual, |
| Dates of former publication frequency |
1953-1964 |
| 336 ## - CONTENT TYPE |
| Content type term |
text |
| Content type code |
txt |
| Source |
rdacontent |
| 337 ## - MEDIA TYPE |
| Media type term |
unmediated |
| Media type code |
n |
| Source |
rdamedia |
| 338 ## - CARRIER TYPE |
| Carrier type term |
volume |
| Carrier type code |
nc |
| Source |
rdacarrier |
| 490 1# - SERIES STATEMENT |
| Series statement |
Unesco publication |
| Volume/sequential designation |
Vols. 7, no. 2: |
| 500 ## - GENERAL NOTE |
| General note |
Title varies slightly. |
| 505 01 - FORMATTED CONTENTS NOTE |
| Formatted contents note |
Vol.7, no.2 |
| 580 ## - LINKING ENTRY COMPLEXITY NOTE |
| Linking entry complexity note |
Beginning in 1967, split into three separate publications: Copyright bulletin; Bulletin de droit d'auteur; and: Boletín de derecho de autor. |
| 588 0# - SOURCE OF DESCRIPTION NOTE |
| Source of description note |
Vol. 1, no. 1 (July 1948). |
| 650 #0 - SUBJECT ADDED ENTRY--TOPICAL TERM |
| Topical term or geographic name as entry element |
Copyright |
| Form subdivision |
Periodicals. |
| 9 (RLIN) |
17049 |
|
| Topical term or geographic name as entry element |
Copyright, International |
| Form subdivision |
Periodicals. |
| 9 (RLIN) |
17050 |
|
| Topical term or geographic name as entry element |
Droit d'auteur |
| Form subdivision |
Périodiques. |
| 9 (RLIN) |
17051 |
|
| Topical term or geographic name as entry element |
Droit d'auteur international |
| Form subdivision |
Périodiques. |
| 9 (RLIN) |
17052 |
|
| Topical term or geographic name as entry element |
Copyright. |
| Source of heading or term |
fast |
| Authority record control number |
(OCoLC)fst00878706 |
| 9 (RLIN) |
17053 |
|
| Topical term or geographic name as entry element |
Copyright, International. |
| Source of heading or term |
fast |
| Authority record control number |
(OCoLC)fst00878799 |
| 9 (RLIN) |
17054 |
|
| Topical term or geographic name as entry element |
Copyright, International |
| Form subdivision |
Periodicals |
| Source of heading or term |
nli |
| 9 (RLIN) |
17050 |
|
| Topical term or geographic name as entry element |
Periodicals |
| Source of heading or term |
nli |
| 710 2# - ADDED ENTRY--CORPORATE NAME |
| Corporate name or jurisdiction name as entry element |
Unesco. |
| Subordinate unit |
Copyright Division. |
| 9 (RLIN) |
17055 |
| 830 #0 - SERIES ADDED ENTRY--UNIFORM TITLE |
| Uniform title |
Unesco publication. |
| Volume number/sequential designation |
Vols. 7, no. 2: |
| 942 ## - ADDED ENTRY ELEMENTS (KOHA) |
| Source of classification or shelving scheme |
Dewey Decimal Classification |
| Koha item type |
Books |